| 000 | 00885nam a2200193 i 4500 | ||
|---|---|---|---|
| 001 | 154451 | ||
| 003 | ES-MaACL | ||
| 005 | 20230906205732.0 | ||
| 008 | 010702s1889 sp ad |||| | spa d | ||
| 080 | _a663.97 | ||
| 100 | 1 |
_aGómez Flores, Emilio. _9127690 |
|
| 245 | 1 | 3 |
_aEl tabaco : _bdescripción botánica, área geográfica, composición química, datos agronómicos, arte agrícola... / _cpor Emilio Gómez Flores. |
| 260 |
_aMadrid : _bse halla de venta en las librerías de Gutenberg, Fe y Cuesta, _c1889 ( _fTip. de Manuel G. Hernández) |
||
| 300 |
_a155 p. : _bil. ; _c23 cm. |
||
| 530 | _aDisponible en formato digital. | ||
| 650 | 4 |
_aTabaco. _917271 |
|
| 852 | 4 |
_aES-MaACL _jT-520-F-1 _z- Enc. hol., conservando cub. original _z- Enc. en un vol. facticio _z- Dedicatoria autógrafa del autor |
|
| 856 | 4 |
_uhttp://archive.org/details/eltabaco00gm _zInternet Archive |
|
| 999 |
_c154451 _d154451 |
||